Iran in the 21st century : (Record no. 18465)
[ view plain ]
| 000 -LEADER | |
|---|---|
| fixed length control field | 02801cam a2200361 i 4500 |
| 001 - CONTROL NUMBER | |
| control field | 14753884 |
| 003 - CONTROL NUMBER IDENTIFIER | |
| control field | EG-ScBUE |
| 005 - DATE AND TIME OF LATEST TRANSACTION | |
| control field | 20240421110731.0 |
| 008 - FIXED-LENGTH DATA ELEMENTS--GENERAL INFORMATION | |
| fixed length control field | 070301s2008 enkado f b 001 0 eng d |
| 020 ## - INTERNATIONAL STANDARD BOOK NUMBER | |
| International Standard Book Number | 9780415435598 (pbk.) |
| 020 ## - INTERNATIONAL STANDARD BOOK NUMBER | |
| International Standard Book Number | 0415435595 (pbk.) |
| 040 ## - CATALOGING SOURCE | |
| Original cataloging agency | DLC |
| Language of cataloging | eng |
| Description conventions | rda |
| Transcribing agency | DLC |
| Modifying agency | DLC |
| -- | EG-ScBUE |
| 043 ## - GEOGRAPHIC AREA CODE | |
| Geographic area code | a-ir--- |
| 082 04 - DEWEY DECIMAL CLASSIFICATION NUMBER | |
| Classification number | 955.0544 |
| Edition number | 22 |
| Item number | IRA |
| 245 00 - TITLE STATEMENT | |
| Title | Iran in the 21st century : |
| Remainder of title | politics, economics and conflict / |
| Statement of responsibility, etc | edited by Homa Katouzian and Hossein Shahidi. |
| 246 3# - VARYING FORM OF TITLE | |
| Title proper/short title | Iran in the twenty-first century |
| 264 #1 - PUBLICATION, DISTRIBUTION, ETC. (IMPRINT) | |
| Place of publication, distribution, etc | Oxon, United Kingdom ; |
| -- | New York, United States : |
| Name of publisher, distributor, etc | Routledge, |
| Date of publication, distribution, etc | 2008. |
| 300 ## - PHYSICAL DESCRIPTION | |
| Extent | xvi, 300 pages : |
| Other physical details | chart, photographs, tables ; |
| Dimensions | 24 cm. |
| 336 ## - CONTENT TYPE | |
| Source | rdacontent |
| Content type term | text |
| Content type code | txt |
| 337 ## - MEDIA TYPE | |
| Media type term | unmediated |
| Source | rdamedia |
| Media type code | n |
| 338 ## - CARRIER TYPE | |
| Carrier type term | volume |
| Carrier type code | nc |
| Source | rdacarrier |
| 490 0# - SERIES STATEMENT | |
| Series statement | Iranian studies ; |
| Volume number/sequential designation | 3 |
| 504 ## - BIBLIOGRAPHY, ETC. NOTE | |
| Bibliography, etc | Includes bibliographical references and index.<br/> |
| 505 0# - FORMATTED CONTENTS NOTE | |
| Formatted contents note | Introduction: Iran in the 21st century : politics, economics and confrontation / Homa Katouzian and Hossein Shahidi-National identity and national interests-Crafting a national identity amidst contentious politics in contemporary Iran / Farideh Farhi-The dilemma of national interest in the Islamic Republic of Iran / Hamid Ahmadi-From multilingual empire to contested modern state / Touraj Atabaki-Dissent-Three faces of dissent : cognitive, expressive and traditionalist discourses of discontent in contemporary Iran / Mahmood Sadri and Ahmad Sadri-From motherhood to equal rights advocates : the weakening of patriarchal order / Azadeh Kian-Thebaut-Foreign policy challenges-Iran-US relations : responses to the "axis of evil" speech / Ali Ansari-A look to the North : opportunities and challenges / Farhad Atai-Israel-Iranian relations assessed : strategic competition from the power cycle perspective / Trita Parsi-Nuclear policy-Nuclear policy and international relations / Saideh Lotfian-Nuclear energy : a case for sustainable development / Mehdi Askarieh-Economic performance-Oil, economic diversification and the democratic process in Iran / Massoud Karshenas and Hassan Hakimian-Capital accumulation and economic growth in Iran : past experience and future prospects / Ahmad Jalali Naini-Human resources in Iran : potentials and challenges / Djavad Saleh-Isfahni-The significance of economic history, and the fundamental features of the economic history of Iran / Homa Katouzian. |
| 651 #7 - SUBJECT ADDED ENTRY--GEOGRAPHIC NAME | |
| Geographic name | Iran |
| General subdivision | Social conditions |
| Chronological subdivision | 1997- |
| Source of heading or term | BUEsh |
| 9 (RLIN) | 36238 |
| 651 #7 - SUBJECT ADDED ENTRY--GEOGRAPHIC NAME | |
| Geographic name | Iran |
| General subdivision | Politics and government |
| Chronological subdivision | 1997- |
| Source of heading or term | BUEsh |
| 651 #7 - SUBJECT ADDED ENTRY--GEOGRAPHIC NAME | |
| Geographic name | Iran |
| General subdivision | Economic conditions |
| Chronological subdivision | 1997- |
| Source of heading or term | BUEsh |
| 9 (RLIN) | 36240 |
| 653 ## - INDEX TERM--UNCONTROLLED | |
| Resource For college | BAEPS, Political Science |
| Arrived date list | October2014 |
| 655 ## - INDEX TERM--GENRE/FORM | |
| Form subdivision | Reading book |
| 9 (RLIN) | 34232 |
| 700 1# - ADDED ENTRY--PERSONAL NAME | |
| Personal name | Shahidi, Hossein, |
| Dates associated with a name | 1953- |
| Relator term | editor. |
| 9 (RLIN) | 36241 |
| 700 1# - ADDED ENTRY--PERSONAL NAME | |
| Personal name | Katouzian, Homa, |
| Relator term | editor. |
| 9 (RLIN) | 36242 |
| 942 ## - ADDED ENTRY ELEMENTS (KOHA) | |
| Source of classification or shelving scheme | Dewey Decimal Classification |
| Koha item type | Book - Borrowing |
| Withdrawn status | Lost status | Source of classification or shelving scheme | Damaged status | Not for loan | Collection code | Home library | Current library | Shelving location | Date acquired | Source of acquisition | Cost, normal purchase price | Total Checkouts | Total Renewals | Full call number | Barcode | Date last seen | Date checked out | Cost, replacement price | Koha item type |
|---|---|---|---|---|---|---|---|---|---|---|---|---|---|---|---|---|---|---|---|
| Dewey Decimal Classification | Baccah | Central Library | Central Library | Second Floor | 16/10/2014 | 340.00 | 6 | 27 | 955.0544 IRA | 000036707 | 15/07/2025 | 26/09/2021 | 425.00 | Book - Borrowing | |||||
| Dewey Decimal Classification | Baccah | Central Library | Central Library | Second Floor | 16/10/2014 | 340.00 | 4 | 15 | 955.0544 IRA | 000036708 | 15/07/2025 | 23/02/2017 | 425.00 | Book - Borrowing | |||||
| Dewey Decimal Classification | Baccah | Central Library | Central Library | Second Floor | 16/10/2014 | 340.00 | 3 | 4 | 955.0544 IRA | 000036709 | 15/07/2025 | 26/11/2015 | 425.00 | Book - Borrowing |